000 00312nam a22001337a 4500
008 181009b xxu||||| |||| 00| 0 eng d
020 _a9780673995674
041 _aeng
080 _24th
_a330.722
100 _a62
101 _aKM
245 _aFoundations of Managerial Finance
_cGitman,L.J
942 _2udc
_cBK
999 _c49184
_d49184